• 首页
  • 本馆介绍
  • 公告通知
  • 最新文献
  • 馆藏检索
  • 电子资源
  • 读者导购
  • 参考咨询
  • 我的图书馆
  • 登录
  • 详细信息显示
  • 放入我的书架
  • 预约/预借图书
  • 作者相关作品
  • 分类相关作品
  • 丛书相关作品
  • 出版社相关作品

书目信息

  • 表格格式
  • 工作单格式
  • 卡片格式
书名: Agriculture in the Malaysian Region
作者: R.D.Hill.
分册号:
分册名:
出版地: Budapest :
 
出版社: Akadémiai Kiadó
出版时间: c1982.
页数: 233 p. :
开本: 25 cm.
丛书名: Geography of world agriculture
中图分类号:
科图分类号:
其他分类号: F319.9
主题词:
电子资源:
000 00849nam 2200289 a 4500
001 E0729862873
005 20070426081756.42
008 uu
008 00010 eng
008 uu 1982
010    @a78311929
015    @aH***
020    @a963-05-2825-8.
043    @ae-ie---
049    @aN5LA
050 0  @aS461 @b.G54
082    @a338.1/09417
090    @a2/F356.2/GDA///////////////878645/939094/cop.2
090    @aF319.9
099    @dF319.9@ex1:11
100 10 @aHill.R.D.
245 10 @aAgriculture in the Malaysian Region / @cR.D.Hill.
260 0  @aBudapest :@bAkadémiai Kiadó,@cc1982.
300    @a233 p. :@bill. ;@c25 cm.
440  0 @aGeography of world agriculture ; @v11
650  0 @aAgricultural@zIreland. @b00 @c20020930 @lNLC09 @h2247 @lNLC09 @h2316 @lNLC09 @h1908
852 9  @bWWJC @cJ08S @k2 @hF356.2 @iGDA
    
    Agriculture in the Malaysian Region / / R.D.Hill.-Budapest : : Akadémiai Kiadó, , c1982.
    233 p. : : ill. ; ; 25 cm.- (Geography of world agriculture ; 11)
    
    
    ISBN 963-05-2825-8.
    
●
相关链接 在E读中查询图书 在五车中查询图书 在当当中查询图书 在豆瓣中查询图书


正题名:Agriculture in the Malaysian Region     索取号:F319.9/x1:11         预约/预借

序号 登录号 条形码 馆藏地/架位号 状态 备注
1 183264   001170501   第二样本阅览室/ [索取号:F319.9/x1:11] 在馆    
唐山师范学院图书馆 欢迎您!
大连网信软件有限公司© 版权所有